[Event "POL-chT 2nd League"]
[Site "Szklarska Poreba"]
[Date "2017.09.09"]
[Round "8.11"]
[White "Kwiatkowski, Wiktor"]
[Black "Fudalej, Grzegorz"]
[Result "1/2-1/2"]
[WhiteElo "1933"]
[BlackElo "2121"]
[PlyCount "77"]
[EventDate "2017.09.02"]
[EventType "team-swiss"]
[EventRounds "9"]
[EventCountry "POL"]
[SourceTitle "CBM 180 Extra"]
[Source "ChessBase"]
[SourceDate "2017.10.06"]
[SourceVersion "1"]
[SourceVersionDate "2017.10.06"]
[SourceQuality "1"]
[WhiteTeam "Konin UKS Smecz"]
[BlackTeam "Wroclaw Polonia"]
[WhiteTeamCountry "POL"]
[BlackTeamCountry "POL"]

1. e4 c6 2. d4 d5 3. f3 dxe4 4. fxe4 e5 5. Nf3 exd4 6. Bc4 Qa5+ 7. c3 Be7 8. 0-0 dxc3 9. Kh1 Nf6 10. Qb3 Qh5 11. Nxc3 0-0 12. Bf4 b5 13. Bd3 Nbd7 14. e5 Ng4 15. Ne2 Nc5 16. Qc2 Nxd3 17. Qxd3 Qf5 18. Qc3 c5 19. h3 b4 20. Qe1 Nh6 21. Bxh6 gxh6 22. Qd2 Bg5 23. Nxg5 Qxg5 24. Qd5 Ba6 25. Rae1 Rae8 26. Qxc5 Rxe5 27. Qf2 f6 28. Rg1 Qd2 29. Qg3+ Rg5 30. Qb3+ Kh8 31. Ng3 Bb7 32. Ne4 Rxg2 33. Nxd2 Rxd2+ 34. Rg2 Rxg2 35. Re7 Ba8 36. Rxa7 Rfg8 37. Rxa8 Rg1+ 38. Kh2 R1g2+ 39. Kh1 1/2-1/2

[Event "POL-chT 2nd League"]
[Site "Szklarska Poreba"]
[Date "2017.09.07"]
[Round "6.9"]
[White "Fudalej, Grzegorz"]
[Black "Walkusz, Witoslaw"]
[Result "0-1"]
[WhiteElo "2121"]
[BlackElo "2138"]
[PlyCount "60"]
[EventDate "2017.09.02"]
[EventType "team-swiss"]
[EventRounds "9"]
[EventCountry "POL"]
[SourceTitle "CBM 180 Extra"]
[Source "ChessBase"]
[SourceDate "2017.10.06"]
[SourceVersion "1"]
[SourceVersionDate "2017.10.06"]
[SourceQuality "1"]
[WhiteTeam "Wroclaw Polonia"]
[BlackTeam "Czerwionka Leszczyny Skoczek"]
[WhiteTeamCountry "POL"]
[BlackTeamCountry "POL"]

1. e4 e5 2. g3 Nc6 3. Bg2 Bc5 4. d3 Nf6 5. Be3 Bxe3 6. fxe3 d5 7. exd5 Nxd5 8. Qf3 Be6 9. Nh3 Ndb4 10. Na3 Bd5 11. Qe2 Bxg2 12. Qxg2 Nd5 13. Qf3 0-0 14. 0-0-0 Ndb4 15. Kb1 Qe7 16. c3 Nxa2 17. Nc4 Qe6 18. Ng5 Qg6 19. Ne4 b5 20. Ncd2 f5 21. Nc5 Qd6 22. Ndb3 a5 23. Nb7 Nxc3+ 24. bxc3 Qa3 25. Qd5+ Kh8 26. Rd2 a4 27. N3c5 Qxc3 28. Qxc6 Qxd2 29. Qxb5 a3 30. Na6 Rxa6 0-1

[Event "POL-chT 2nd League"]
[Site "Jastrzebia Gora"]
[Date "2016.09.10"]
[Round "8.52"]
[White "Kanarkiewicz, Michal"]
[Black "Fudalej, Grzegorz"]
[Result "1-0"]
[WhiteElo "2016"]
[BlackElo "2137"]
[PlyCount "101"]
[EventDate "2016.09.03"]
[EventType "team-swiss"]
[EventRounds "9"]
[EventCountry "POL"]
[SourceTitle "EXT 2017"]
[Source "ChessBase"]
[SourceDate "2016.10.25"]
[SourceVersion "1"]
[SourceVersionDate "2016.10.25"]
[SourceQuality "1"]
[WhiteTeam "Debica Gryf"]
[BlackTeam "Wroclaw Polonia"]
[WhiteTeamCountry "POL"]
[BlackTeamCountry "POL"]

1. e4 c6 2. d4 d5 3. f3 g6 4. Nc3 Bg7 5. Be3 Be6 6. Qd2 b5 7. exd5 Bxd5 8. Nxd5 Qxd5 9. Bd3 Bxd4 10. Be4 Bxe3 11. Qxd5 cxd5 12. Bxd5 Nf6 13. Bxa8 0-0 14. Ke2 Bb6 15. Bb7 Nbd7 16. Bc6 Rc8 17. Bxd7 Nxd7 18. Rc1 Ne5 19. b3 Rc3 20. Kd2 Ba5 21. Kd1 Rc7 22. Ke2 Bb4 23. c3 Bxc3 24. Nh3 b4 25. Rhd1 Rc6 26. f4 Ng4 27. Kf3 h5 28. Nf2 Re6 29. Nxg4 hxg4+ 30. Kf2 Rf6 31. Kg3 Re6 32. Kf2 Rf6 33. g3 g5 34. Ke3 gxf4+ 35. gxf4 Re6+ 36. Kf2 Re4 37. Rd7 Rxf4+ 38. Kg2 Bd4 39. Rxe7 Rf2+ 40. Kg3 Rxa2 41. Rc4 Kf8 42. Re4 Bc3 43. Rc7 Ra1 44. Kxg4 Rh1 45. h4 Rg1+ 46. Kf5 Rf1+ 47. Rf4 Rg1 48. Ke4 Re1+ 49. Kd5 Re7 50. Rxe7 Kxe7 51. h5 1-0

[Event "POL-chT 2nd League"]
[Site "Mrzezyno"]
[Date "2011.09.10"]
[Round "8.46"]
[White "Fudalej, Grzegorz"]
[Black "Kolasinski, Krzysztof"]
[Result "1-0"]
[WhiteElo "2147"]
[BlackElo "2010"]
[PlyCount "81"]
[EventDate "2011.09.03"]
[EventType "team-swiss"]
[EventRounds "9"]
[EventCountry "POL"]
[SourceTitle "EXT 2019"]
[Source "ChessBase"]
[SourceDate "2018.10.10"]
[SourceVersion "1"]
[SourceVersionDate "2018.10.10"]
[SourceQuality "1"]
[WhiteTeam "Mikolow AKS"]
[BlackTeam "Wroclaw Hetman"]
[WhiteTeamCountry "POL"]
[BlackTeamCountry "POL"]

1. g3 Nf6 2. Bg2 d5 3. Nf3 Bf5 4. 0-0 e6 5. d3 Bd6 6. Nbd2 0-0 7. Re1 Bg4 8. e4 dxe4 9. dxe4 e5 10. h3 Bxf3 11. Qxf3 Nc6 12. c3 h6 13. Nc4 Ne8 14. Ne3 Qf6 15. Qe2 Ne7 16. Qb5 Rb8 17. Qd7 Bc5 18. Ng4 Qd6 19. Qa4 b5 20. Qb3 Nf6 21. Nxf6+ Qxf6 22. Be3 Bxe3 23. Rxe3 c5 24. Rd1 Qc6 25. Qc2 c4 26. Re2 Rfd8 27. Red2 Qc7 28. Bf3 g6 29. Bg4 h5 30. Rd7 Rxd7 31. Rxd7 Qc5 32. Be2 Kg7 33. Qd2 Rb6 34. Rxa7 Nc8 35. Rd7 Rf6 36. Qe3 Qc6 37. Rd5 Qe6 38. Rxb5 Qxh3 39. Rxe5 h4 40. Bf1 Qd7 41. g4 1-0

[Event "POL-chT 2st League"]
[Site "Mrzezyno"]
[Date "2010.09.09"]
[Round "6.29"]
[White "Siwiec, Arkadiusz"]
[Black "Fudalej, Grzegorz"]
[Result "1-0"]
[WhiteElo "2119"]
[BlackElo "2160"]
[PlyCount "86"]
[EventDate "2010.09.04"]
[EventType "team-swiss"]
[EventRounds "9"]
[EventCountry "POL"]
[SourceTitle "EXT 2019"]
[Source "ChessBase"]
[SourceDate "2018.10.10"]
[SourceVersion "1"]
[SourceVersionDate "2018.10.10"]
[SourceQuality "1"]
[WhiteTeam "Gorzow Wielkopolski Stilon II"]
[BlackTeam "Mikolow AKS"]
[WhiteTeamCountry "POL"]
[BlackTeamCountry "POL"]

1. e4 c6 2. d4 d5 3. Nc3 g6 4. h3 Bg7 5. Nf3 Nh6 6. Bf4 f6 7. exd5 cxd5 8. Nb5 Na6 9. c4 Be6 10. Qe2 Kf7 11. Qd2 Nf5 12. c5 h5 13. Bd3 Bd7 14. h4 Bh6 15. Bxh6 Nxh6 16. 0-0 Nc7 17. Nc3 Bg4 18. Nh2 Qd7 19. Rfe1 Bf5 20. Be2 Rag8 21. b4 g5 22. Bxh5+ Kf8 23. hxg5 Rxg5 24. Bf3 Bh3 25. g3 Nf5 26. Ne2 Ne6 27. Nf1 Bg4 28. Bg2 Bxe2 29. Qxe2 Nexd4 30. Qd2 e5 31. Qc3 Qh7 32. Rad1 Rh5 33. f4 Rh1+ 34. Kf2 exf4 35. Rxd4 fxg3+ 36. Nxg3 Rxe1 37. Rxd5 Re5 38. Rxe5 fxe5 39. Qf3 Ke8 40. Nxf5 Rf8 41. Bh3 Qg8 42. Ke3 Qxa2 43. Qh5+ Kd8 1-0

[Event "POL-chT 2st League"]
[Site "Mrzezyno"]
[Date "2010.09.08"]
[Round "5.22"]
[White "Solnicki, Michal"]
[Black "Fudalej, Grzegorz"]
[Result "1/2-1/2"]
[WhiteElo "2099"]
[BlackElo "2160"]
[PlyCount "83"]
[EventDate "2010.09.04"]
[EventType "team-swiss"]
[EventRounds "9"]
[EventCountry "POL"]
[SourceTitle "EXT 2019"]
[Source "ChessBase"]
[SourceDate "2018.10.10"]
[SourceVersion "1"]
[SourceVersionDate "2018.10.10"]
[SourceQuality "1"]
[WhiteTeam "Warszawa Polonia II"]
[BlackTeam "Mikolow AKS"]
[WhiteTeamCountry "POL"]
[BlackTeamCountry "POL"]

1. d4 Nf6 2. Nf3 g6 3. g3 Bg7 4. Bg2 d6 5. 0-0 0-0 6. c4 c6 7. Nc3 Qa5 8. e4 e5 9. dxe5 dxe5 10. Qe2 Nbd7 11. Rb1 Re8 12. b4 Qc7 13. h3 Nf8 14. Be3 Ne6 15. Rfd1 Bd7 16. Qb2 b6 17. Rbc1 Rad8 18. Nd2 Bc8 19. Nb3 Bf8 20. a3 Rxd1+ 21. Rxd1 Rd8 22. Qc2 a5 23. Na4 Rxd1+ 24. Qxd1 b5 25. cxb5 cxb5 26. Nac5 a4 27. Nxe6 Bxe6 28. Nc5 Bc4 29. f3 Ne8 30. Qd7 Qxd7 31. Nxd7 Bd6 32. Nb6 Be6 33. Bf1 Nc7 34. Bg5 Kg7 35. Bd8 Na6 36. Bxb5 Nxb4 37. Nxa4 Nc2 38. Kg2 Bxa3 39. Bc7 f6 40. f4 exf4 41. Bxf4 Nd4 42. Bd3 1/2-1/2

[Event "POL-chT 2nd League"]
[Site "Miedzyzdroje"]
[Date "2009.09.18"]
[Round "7"]
[White "Grochowalski, Pawel"]
[Black "Fudalej, Grzegorz"]
[Result "1-0"]
[WhiteElo "2062"]
[BlackElo "2167"]
[PlyCount "81"]
[EventDate "2009.09.12"]
[EventType "team-swiss"]
[EventRounds "9"]
[EventCountry "POL"]
[SourceTitle "EXT 2019"]
[Source "ChessBase"]
[SourceDate "2018.10.10"]
[SourceVersion "1"]
[SourceVersionDate "2018.10.10"]
[SourceQuality "1"]
[WhiteTeam "Torun Torfarm 64"]
[BlackTeam "Gliwice Roszada Sikornik"]
[WhiteTeamCountry "POL"]
[BlackTeamCountry "POL"]

1. d4 Nf6 2. c4 g6 3. Nc3 Bg7 4. e4 d6 5. Nf3 0-0 6. Be2 e5 7. d5 Ne8 8. b4 a5 9. Ba3 axb4 10. Bxb4 c5 11. dxc6 bxc6 12. a4 c5 13. Ba3 Nc6 14. 0-0 Be6 15. Bb2 f5 16. Nd2 Bh6 17. f3 Qh4 18. g3 Be3+ 19. Kh1 Qh3 20. Nd5 Bd4 21. Bxd4 exd4 22. Nf4 Qh6 23. Nxe6 Rf7 24. Nf4 Ne5 25. Nd3 f4 26. g4 Rfa7 27. Nxe5 dxe5 28. Nb3 Qf8 29. Nc1 Nd6 30. Qc2 Ra5 31. Nb3 Rxa4 32. Rxa4 Rxa4 33. Nxc5 Ra3 34. Nb3 Qa8 35. c5 Ra2 36. Qd3 Nc8 37. Qc4+ Kg7 38. Nc1 Rd2 39. Qe6 Qb8 40. g5 Rc2 41. Bc4 1-0

[Event "POL-chT 2nd League"]
[Site "Miedzyzdroje"]
[Date "2009.09.17"]
[Round "6"]
[White "Fudalej, Grzegorz"]
[Black "Stuczynski, Andrzej"]
[Result "0-1"]
[WhiteElo "2167"]
[BlackElo "2232"]
[PlyCount "96"]
[EventDate "2009.09.12"]
[EventType "team-swiss"]
[EventRounds "9"]
[EventCountry "POL"]
[SourceTitle "EXT 2019"]
[Source "ChessBase"]
[SourceDate "2018.10.10"]
[SourceVersion "1"]
[SourceVersionDate "2018.10.10"]
[SourceQuality "1"]
[WhiteTeam "Gliwice Roszada Sikornik"]
[BlackTeam "Torun AZS UMK"]
[WhiteTeamCountry "POL"]
[BlackTeamCountry "POL"]

1. g3 d5 2. Nf3 c5 3. Bg2 Nc6 4. d3 g6 5. 0-0 Bg7 6. Nbd2 e6 7. e4 Nge7 8. Re1 b6 9. c3 0-0 10. e5 a5 11. Nf1 Ba6 12. Bf4 Nf5 13. Qd2 b5 14. Bg5 Qb6 15. Ne3 Nxe3 16. Qxe3 b4 17. c4 dxc4 18. dxc4 Bxc4 19. Rec1 Bd5 20. Rxc5 Qb7 21. Bf6 Rfc8 22. Bxg7 Kxg7 23. Rac1 Ne7 24. Qg5 Ng8 25. Nh4 Bxg2 26. Nxg2 Rxc5 27. Rxc5 Rc8 28. Qc1 Rxc5 29. Qxc5 Qe4 30. Ne3 Qb1+ 31. Kg2 Qxa2 32. Nc4 h5 33. Kh3 Qb1 34. Nd6 g5 35. Kg2 Qxb2 36. Ne8+ Kh8 37. Qc7 g4 38. Nd6 Qc3 39. Qd8 Qf3+ 40. Kf1 Qd1+ 41. Kg2 Qf3+ 42. Kf1 b3 43. Nc4 a4 44. Qd2 Qd5 45. Qb4 Qd4 46. Qb5 b2 47. Na3 Qd1+ 48. Kg2 Qf3+ 0-1

[Event "POL-chT 2nd League"]
[Site "Lublin"]
[Date "2006.09.09"]
[Round "8.63"]
[White "Fudalej, Grzegorz"]
[Black "Delega, Tomasz"]
[Result "1-0"]
[WhiteElo "2153"]
[BlackElo "2116"]
[PlyCount "105"]
[EventDate "2006.09.02"]
[EventType "team-swiss"]
[EventRounds "9"]
[EventCountry "POL"]
[SourceTitle "EXT 2019"]
[Source "ChessBase"]
[SourceDate "2018.10.10"]
[SourceVersion "1"]
[SourceVersionDate "2018.10.10"]
[SourceQuality "1"]
[WhiteTeam "Gliwice Roszada"]
[BlackTeam "Miedzyborow Wrzos"]
[WhiteTeamCountry "POL"]
[BlackTeamCountry "POL"]

1. g3 e5 2. Bg2 d5 3. d3 Nf6 4. Nf3 Nc6 5. 0-0 Be6 6. Nbd2 Bc5 7. e4 0-0 8. c3 a5 9. a4 h6 10. Qc2 Bb6 11. Re1 Ng4 12. Re2 d4 13. h3 Nf6 14. c4 Nb4 15. Qb3 Nd7 16. Ne1 Nc5 17. Qa3 Bd7 18. Ndf3 Qe7 19. Bd2 Nxa4 20. Bxb4 axb4 21. Qb3 Nc5 22. Qd1 Ra6 23. Rb1 b3 24. Nd2 Ba5 25. Kh2 Bxd2 26. Qxd2 Rfa8 27. Qd1 Ra2 28. Bf1 Qf6 29. Ng2 Qa6 30. Re1 b5 31. Qh5 f6 32. f4 Be8 33. Qg4 bxc4 34. dxc4 Qc8 35. Qf3 Bf7 36. Nh4 Na4 37. Nf5 Qf8 38. Kh1 Rb8 39. Qg2 Qb4 40. fxe5 fxe5 41. g4 Rxb2 42. Rxb2 Qxe1 43. Rf2 Rb6 44. g5 h5 45. Ne7+ Kf8 46. Qf3 Rf6 47. gxf6 g6 48. Kg2 b2 49. Bd3 b1Q 50. Bxb1 Qxb1 51. Nd5 Nc5 52. Qa3 Qxe4+ 53. Kh2 1-0

[Event "POL-chT 2nd League"]
[Site "Lublin"]
[Date "2006.09.03"]
[Round "2.52"]
[White "Fudalej, Grzegorz"]
[Black "Janocha, Wieslaw Adam"]
[Result "0-1"]
[WhiteElo "2153"]
[BlackElo "2282"]
[PlyCount "102"]
[EventDate "2006.09.02"]
[EventType "team-swiss"]
[EventRounds "9"]
[EventCountry "POL"]
[SourceTitle "EXT 2019"]
[Source "ChessBase"]
[SourceDate "2018.10.10"]
[SourceVersion "1"]
[SourceVersionDate "2018.10.10"]
[SourceQuality "1"]
[WhiteTeam "Gliwice Roszada"]
[BlackTeam "Legnica Miedz"]
[WhiteTeamCountry "POL"]
[BlackTeamCountry "POL"]

1. g3 e5 2. Bg2 d5 3. d3 Nf6 4. Nf3 Bd6 5. 0-0 0-0 6. c3 Re8 7. Qc2 e4 8. dxe4 dxe4 9. Nd4 h6 10. Nd2 Qe7 11. Nc4 Bc5 12. b4 Bxd4 13. cxd4 Nc6 14. a3 Nxd4 15. Qb2 Rd8 16. Be3 Nf5 17. Bc5 Qe6 18. Ne3 Nd6 19. Bd4 Nde8 20. Rac1 Bd7 21. Be5 Ba4 22. h4 c6 23. Kh2 Qb3 24. Qxb3 Bxb3 25. Rb1 Ba4 26. Rb2 h5 27. Bh3 Kf8 28. Rc1 g6 29. Rc5 b6 30. Rc4 Bb5 31. Rcc2 Nd7 32. Bxd7 Rxd7 33. Ra2 Ba4 34. Rc3 Rad8 35. Nc4 Ke7 36. Bf4 Ke6 37. Bg5 f6 38. Bf4 Rd5 39. Kg2 R8d7 40. Nb2 Bb5 41. Nc4 Rd4 42. Nd2 Bxe2 43. Rxc6+ Kf7 44. Be3 Rxd2 45. Rxd2 Rxd2 46. Bxd2 Bf3+ 47. Kf1 e3 48. Rc2 exd2 49. Rxd2 Ke7 50. Rd3 Bc6 51. Re3+ Kd6 0-1

[Event "POL-chT 1st League"]
[Site "Jarnoltowek"]
[Date "2005.09.10"]
[Round "8.22"]
[White "Fudalej, Grzegorz"]
[Black "Jozwik, Rafal"]
[Result "1/2-1/2"]
[WhiteElo "2157"]
[BlackElo "2188"]
[PlyCount "35"]
[EventDate "2005.09.03"]
[EventType "team-tourn"]
[EventRounds "9"]
[EventCountry "POL"]
[SourceTitle "EXT 2019"]
[Source "ChessBase"]
[SourceDate "2018.10.10"]
[SourceVersion "1"]
[SourceVersionDate "2018.10.10"]
[SourceQuality "1"]
[WhiteTeam "Gliwice Roszada"]
[BlackTeam "Ostroda Ostrodzianka"]
[WhiteTeamCountry "POL"]
[BlackTeamCountry "POL"]

1. g3 d5 2. Nf3 Nf6 3. Bg2 c6 4. d3 Bg4 5. 0-0 Nbd7 6. Nbd2 e6 7. c3 Be7 8. Qc2 0-0 9. Re1 Qb6 10. e4 dxe4 11. dxe4 e5 12. Nc4 Qc7 13. Ne3 Bxf3 14. Bxf3 g6 15. a4 a5 16. Nc4 b5 17. axb5 cxb5 18. Ne3 1/2-1/2

[Event "POL-chT 1st League"]
[Site "Jarnoltowek"]
[Date "2005.09.09"]
[Round "7.16"]
[White "Stysiak, Szymon"]
[Black "Fudalej, Grzegorz"]
[Result "1-0"]
[WhiteElo "2198"]
[BlackElo "2157"]
[PlyCount "97"]
[EventDate "2005.09.03"]
[EventType "team-tourn"]
[EventRounds "9"]
[EventCountry "POL"]
[SourceTitle "EXT 2019"]
[Source "ChessBase"]
[SourceDate "2018.10.10"]
[SourceVersion "1"]
[SourceVersionDate "2018.10.10"]
[SourceQuality "1"]
[WhiteTeam "Raciborz Rzemioslo"]
[BlackTeam "Gliwice Roszada"]
[WhiteTeamCountry "POL"]
[BlackTeamCountry "POL"]

1. d4 Nf6 2. c4 g6 3. Nc3 Bg7 4. e4 d6 5. f3 0-0 6. Be3 e5 7. Nge2 c6 8. Qd2 Nbd7 9. d5 c5 10. g4 h5 11. g5 Ne8 12. h4 a6 13. Ng3 Nc7 14. Bd3 Re8 15. a4 Nf8 16. a5 Rb8 17. b4 Nd7 18. Na4 Bf8 19. bxc5 Nxc5 20. Nxc5 dxc5 21. Qf2 Qd6 22. f4 b5 23. 0-0 Bh3 24. fxe5 Qxe5 25. Bf4 Qc3 26. Bxc7 Bxf1 27. Rxf1 Qxd3 28. Qxf7+ Kh8 29. Qxg6 Qd4+ 30. Rf2 Rbc8 31. d6 Qd1+ 32. Kg2 Bg7 33. Rf3 Qd2+ 34. Kh3 Rf8 35. Qxh5+ Kg8 36. Nf5 Rxf5 37. Rxf5 Be5 38. Qg6+ Bg7 39. Qf7+ Kh8 40. Qh5+ Kg8 41. Qf7+ Kh8 42. d7 Rxc7 43. Qe8+ Kh7 44. d8Q Qe3+ 45. Kg2 Qe2+ 46. Rf2 Qg4+ 47. Kf1 Qh3+ 48. Ke2 Qg4+ 49. Kd2 1-0

[Event "POL-chT 1st League"]
[Site "Jarnoltowek"]
[Date "2005.09.05"]
[Round "3.28"]
[White "Miroslaw, Michal"]
[Black "Fudalej, Grzegorz"]
[Result "1-0"]
[WhiteElo "2226"]
[BlackElo "2157"]
[PlyCount "23"]
[EventDate "2005.09.03"]
[EventType "team-tourn"]
[EventRounds "9"]
[EventCountry "POL"]
[SourceTitle "EXT 2019"]
[Source "ChessBase"]
[SourceDate "2018.10.10"]
[SourceVersion "1"]
[SourceVersionDate "2018.10.10"]
[SourceQuality "1"]
[WhiteTeam "Lublin Drakon SKOK Chmielewskiego"]
[BlackTeam "Gliwice Roszada"]
[WhiteTeamCountry "POL"]
[BlackTeamCountry "POL"]

1. e4 d5 2. exd5 Qxd5 3. Nf3 Nf6 4. Be2 Bf5 5. c4 Qd8 6. d4 e6 7. Nc3 c6 8. Be3 Be7 9. 0-0 0-0 10. Nh4 Be4 11. f3 Ng4 12. fxg4 1-0

[Event "POL-chT 2nd League"]
[Site "Polanica Zdroj"]
[Date "2004.09.09"]
[Round "7"]
[White "Fudalej, Grzegorz"]
[Black "Stolarczyk, Adam"]
[Result "1/2-1/2"]
[WhiteElo "2152"]
[BlackElo "2161"]
[PlyCount "36"]
[EventDate "2004.09.04"]
[EventType "team-swiss"]
[EventRounds "11"]
[EventCountry "POL"]
[SourceTitle "CBM 102 Extra"]
[Source "ChessBase"]
[SourceDate "2004.11.03"]
[SourceVersion "1"]
[SourceVersionDate "2004.11.03"]
[SourceQuality "1"]
[WhiteTeam "Gliwice Roszada"]
[BlackTeam "Swiecie Gambit"]
[WhiteTeamCountry "POL"]
[BlackTeamCountry "POL"]

1. g3 Nf6 2. Bg2 g6 3. d3 Bg7 4. e4 d6 5. f4 c5 6. Nf3 Nc6 7. 0-0 0-0 8. c3 Qc7 9. Nbd2 Rb8 10. Nh4 b5 11. f5 Nd7 12. Ndf3 b4 13. c4 Nd4 14. Kh1 Nxf3 15. Qxf3 a5 16. Qe2 a4 17. Rb1 Bb7 18. Be3 Bc6 1/2-1/2

[Event "POL-ch U18"]
[Site "Krynica"]
[Date "2003.??.??"]
[Round "7"]
[White "Bartel, Mateusz"]
[Black "Fudalej, Grzegorz"]
[Result "1-0"]
[WhiteElo "2445"]
[BlackElo "2100"]
[PlyCount "65"]
[EventDate "2003.??.??"]
[EventType "swiss"]
[EventRounds "11"]
[EventCountry "POL"]
[SourceTitle "EXT 2007"]
[Source "ChessBase"]
[SourceDate "2006.11.23"]
[SourceVersion "1"]
[SourceVersionDate "2006.11.23"]
[SourceQuality "1"]

1. e4 c6 2. d4 d5 3. Nd2 g6 4. c3 Bg7 5. Bd3 Nh6 6. h4 dxe4 7. Nxe4 Bf5 8. Qe2 Bxe4 9. Bxe4 Nf5 10. h5 e6 11. Nf3 Nd7 12. Bg5 Qa5 13. b4 Qa3 14. Qc2 Nd6 15. Bd3 Nb5 16. Bd2 Nb6 17. 0-0 0-0 18. Ng5 Nd5 19. Ne4 Nxb4 20. cxb4 Nxd4 21. Qb1 Rad8 22. h6 Bh8 23. Bg5 Nf3+ 24. gxf3 Rxd3 25. Bc1 Qa6 26. Nc5 Qc4 27. Nxd3 Qh4 28. Kg2 Rd8 29. Rh1 Qf6 30. Bb2 Qf5 31. Rd1 Qg5+ 32. Kf1 Qh5 33. Ke2 1-0

[Event "POL-ch U18"]
[Site "Krynica"]
[Date "2003.??.??"]
[Round "10"]
[White "Fudalej, Grzegorz"]
[Black "Czakon, Jakub"]
[Result "0-1"]
[WhiteElo "2100"]
[BlackElo "2370"]
[PlyCount "74"]
[EventDate "2003.??.??"]
[EventType "swiss"]
[EventRounds "11"]
[EventCountry "POL"]
[SourceTitle "EXT 2007"]
[Source "ChessBase"]
[SourceDate "2006.11.23"]
[SourceVersion "1"]
[SourceVersionDate "2006.11.23"]
[SourceQuality "1"]

1. Nf3 Nf6 2. g3 g6 3. Bg2 Bg7 4. 0-0 0-0 5. d3 d6 6. e4 c5 7. Nc3 Nc6 8. h3 Rb8 9. a4 a6 10. Be3 b5 11. axb5 axb5 12. Qd2 b4 13. Nd1 Re8 14. Bh6 Bh8 15. Ng5 Bb7 16. f4 e6 17. f5 exf5 18. exf5 Nd4 19. Ne3 Rxe3 20. Qxe3 Bxg2 21. Kxg2 Nxc2 22. Qf3 Nxa1 23. Rxa1 Qe7 24. d4 cxd4 25. Qd3 Nd5 26. fxg6 hxg6 27. Nf3 Ne3+ 28. Kh2 Rc8 29. Nxd4 Bxd4 30. Qxd4 Nf5 31. Qd2 Nxh6 32. Qxh6 Qe2+ 33. Kg1 Qxb2 34. Re1 Qd4+ 35. Kh1 Qf2 36. Qe3 Qxe3 37. Rxe3 Rb8 0-1

[Event "Polanica Zdroj op"]
[Site "Polanica Zdroj"]
[Date "2001.08.25"]
[Round "10"]
[White "Stopa, Jacek"]
[Black "Fudalej, Grzegorz"]
[Result "1-0"]
[WhiteElo "2167"]
[BlackElo "2032"]
[PlyCount "43"]
[EventDate "2001.08.16"]
[EventType "swiss"]
[EventRounds "10"]
[EventCountry "POL"]
[SourceTitle "EXT 2002"]
[Source "ChessBase"]
[SourceDate "2001.11.25"]
[SourceVersion "1"]
[SourceVersionDate "2001.11.25"]
[SourceQuality "1"]

1. e4 c6 2. d4 d5 3. Nd2 g6 4. Ngf3 Bg7 5. a3 Nh6 6. Bd3 0-0 7. 0-0 f6 8. c4 Nf7 9. Qb3 dxc4 10. Nxc4 Qc7 11. Be3 Kh8 12. Rac1 e5 13. dxe5 fxe5 14. Bc5 Re8 15. Ne3 Be6 16. Bc4 Bxc4 17. Qxc4 h6 18. a4 Na6 19. b4 Nxc5 20. bxc5 Rac8 21. a5 Qxa5 22. Qxf7 1-0

[Event "Polanica Zdroj op"]
[Site "Polanica Zdroj"]
[Date "2001.08.21"]
[Round "6"]
[White "Fudalej, Grzegorz"]
[Black "Betkowski, Andrzej"]
[Result "1/2-1/2"]
[WhiteElo "2032"]
[BlackElo "2190"]
[PlyCount "40"]
[EventDate "2001.08.16"]
[EventType "swiss"]
[EventRounds "10"]
[EventCountry "POL"]
[SourceTitle "EXT 2002"]
[Source "ChessBase"]
[SourceDate "2001.11.25"]
[SourceVersion "1"]
[SourceVersionDate "2001.11.25"]
[SourceQuality "1"]

1. g3 f5 2. Bg2 Nf6 3. Nf3 d6 4. c4 g6 5. Nc3 Bg7 6. d3 0-0 7. Rb1 Nc6 8. b4 e5 9. Qb3 Kh8 10. c5 Qe7 11. b5 Be6 12. Qa4 Nd4 13. Nd2 a6 14. cxd6 cxd6 15. bxa6 Rxa6 16. Rxb7 Rxa4 17. Rxe7 Rc8 18. Nc4 Bxc4 19. Nxa4 Bb5 20. Bb2 Bxa4 1/2-1/2